| Tag |
First Indicator |
Second Indicator |
Subfields |
| LEADER |
00000cem a2200000Ia 4500 |
| 001 |
in00001543813 |
| 005 |
20151022060246.0 |
| 008 |
840612r19661833ncud a 0 f eng d |
| 035 |
|
|
|a (OCoLC)ocm10834376
|
| 040 |
|
|
|a UCW
|c UCW
|d OCL
|d TXA
|d UtOrBLW
|
| 043 |
|
|
|a n-us-nc
|
| 045 |
|
|
|a 0
|b d1833
|
| 049 |
|
|
|a TXAM
|
| 052 |
|
|
|a 3900
|
| 090 |
|
|
|a G3900 1833
|b .B7 1966
|
| 100 |
1 |
|
|a Brazier, Robert H. B.
|
| 245 |
1 |
2 |
|a A new map of the state of North Carolina /
|c by Robt. H.B. Brazier ; published by John MacRae.
|
| 255 |
|
|
|a Scale [ca. 1:900,000].
|
| 264 |
|
1 |
|a Raleigh :
|b State Department of Archives and History,
|c 1966.
|
| 300 |
|
|
|a 1 map ;
|c 37 x 90 cm.
|
| 336 |
|
|
|a cartographic image
|b cri
|2 rdacontent
|
| 337 |
|
|
|a unmediated
|b n
|2 rdamedia
|
| 338 |
|
|
|a sheet
|b nb
|2 rdacarrier
|
| 500 |
|
|
|a Relief shown by hachures.
|
| 500 |
|
|
|a Facsimile map.
|
| 510 |
3 |
|
|a From: North Carolina in Maps / W.P. Cumming.
|
| 500 |
|
|
|a Cartographic material.
|
| 651 |
|
0 |
|a North Carolina
|v Maps.
|
| 650 |
|
0 |
|a Maps
|v Facsimiles.
|
| 700 |
1 |
|
|a Macrae, John.
|
| 700 |
1 |
|
|a Cumming, William Patterson,
|d 1900-1989.
|
| 740 |
0 |
|
|a North Carolina in maps.
|
| 948 |
|
|
|a cataloged
|b h
|c 2000/6/26
|d c
|e jgreene
|f 3:55:21 pm
|
| 994 |
|
|
|a E0
|b TXA
|
| 999 |
|
|
|a MARS
|
| 999 |
f |
f |
|s bd9ad9e1-cd0f-388b-8c4e-12f3ba142734
|i 7ec074d9-6a5a-3be5-9eb2-b5d4851e0439
|t 0
|
| 952 |
f |
f |
|p normal
|a Texas A&M University
|b College Station
|c Sterling C. Evans Library
|d Evans: Maps (2nd floor)
|t 0
|e G3900 1833 .B7 1966
|h Library of Congress classification
|i unmediated -- sheet
|m A14826294161
|
| 998 |
f |
f |
|a G3900 1833 .B7 1966
|t 0
|l Evans: Maps (2nd floor)
|